000 00367pab a2200145 454500
008 180718b2000 xxu||||| |||| 00| 0 eng d
100 _aAron, Janine
245 _aGrowth and institutions: a review of the evidence
260 _c2000
300 _ap.99-135
362 _aFeb
650 _aEconomic growth
773 _aWorld Bank Research Observer
909 _a44804
999 _c44804
_d44804